<?xml version="1.0" encoding="UTF-8"?>
<collection xmlns="http://www.loc.gov/MARC21/slim">
 <record>
  <leader>     na                 </leader>
  <controlfield tag="001">INLIS000000000856247</controlfield>
  <controlfield tag="005">20200714091826</controlfield>
  <datafield tag="035" ind1=" " ind2=" ">
   <subfield code="a">0010-0720000460</subfield>
  </datafield>
  <controlfield tag="007">ta</controlfield>
  <controlfield tag="008">200714s2020    yoia   g            ind d</controlfield>
  <datafield tag="020" ind1=" " ind2=" ">
   <subfield code="a">978-979-21-6404-6</subfield>
  </datafield>
  <datafield tag="040" ind1=" " ind2=" ">
   <subfield code="a">YOPDOG</subfield>
   <subfield code="b">ind</subfield>
   <subfield code="e">rda</subfield>
  </datafield>
  <datafield tag="082" ind1="0" ind2="4">
   <subfield code="2">23</subfield>
   <subfield code="a">264.36</subfield>
  </datafield>
  <datafield tag="084" ind1=" " ind2=" ">
   <subfield code="a">264.36 MAR e</subfield>
  </datafield>
  <datafield tag="090" ind1=" " ind2=" ">
   <subfield code="a">DEP 264.36 MAR e</subfield>
  </datafield>
  <datafield tag="090" ind1=" " ind2=" ">
   <subfield code="a">CB-D.11 2020-0213</subfield>
  </datafield>
  <datafield tag="100" ind1="1" ind2=" ">
   <subfield code="a">Martasudjita, E</subfield>
   <subfield code="e">penyusun</subfield>
  </datafield>
  <datafield tag="245" ind1="1" ind2="0">
   <subfield code="a">Ekaristi sumber transformasi hidup :</subfield>
   <subfield code="b">renungan bulan maria dan bulan katekese ligurgi 2020 /</subfield>
   <subfield code="c">penyusun, E. Martasudjita, Y. Subali, FX. Sukendar Wignyosumarto, Ig. Sukawakyana, R. Budiharyana, A. R. Yudono Suwondo, P. Suratmin, Y. Sunaryadi, Ig. Fajar Kristanto, Bonifasius Dwi Yuniarto, M. Widiyoko, Y. Gunawan, Y. Ari Purnomo; penyunting, Victi</subfield>
  </datafield>
  <datafield tag="250" ind1=" " ind2=" ">
   <subfield code="a">Cetakan pertama, 2020</subfield>
  </datafield>
  <datafield tag="300" ind1=" " ind2=" ">
   <subfield code="a">80 halaman :</subfield>
   <subfield code="b">ilustrasi ;</subfield>
   <subfield code="c">19 cm</subfield>
  </datafield>
  <datafield tag="650" ind1=" " ind2="4">
   <subfield code="a">Ekaristi, doa--</subfield>
   <subfield code="x">Gereja Katolik</subfield>
  </datafield>
  <datafield tag="700" ind1="1" ind2=" ">
   <subfield code="a">Subali, Y.</subfield>
   <subfield code="e">penyusun</subfield>
  </datafield>
  <datafield tag="700" ind1="1" ind2=" ">
   <subfield code="a">Sukendar Wignyosumarto, FX</subfield>
   <subfield code="e">penyusun</subfield>
  </datafield>
  <datafield tag="700" ind1="1" ind2=" ">
   <subfield code="a">Budiharyana, R</subfield>
   <subfield code="e">penyusun</subfield>
  </datafield>
  <datafield tag="700" ind1="1" ind2=" ">
   <subfield code="a">Yudono Suwondo, A. R</subfield>
   <subfield code="e">penyusun</subfield>
  </datafield>
  <datafield tag="700" ind1=" " ind2=" ">
   <subfield code="a">Suratmin, P.</subfield>
   <subfield code="e">penyusun</subfield>
  </datafield>
  <datafield tag="700" ind1=" " ind2=" ">
   <subfield code="a">Sunaryadi, Y.</subfield>
   <subfield code="e">penyusun</subfield>
  </datafield>
  <datafield tag="700" ind1=" " ind2=" ">
   <subfield code="a">Fajar Kristanto, Ig</subfield>
   <subfield code="e">penyusun</subfield>
  </datafield>
  <datafield tag="700" ind1=" " ind2=" ">
   <subfield code="a">Bonifasius Dwi Yuniarto</subfield>
   <subfield code="e">penyusun</subfield>
  </datafield>
  <datafield tag="700" ind1=" " ind2=" ">
   <subfield code="a">Widiyoko, M</subfield>
   <subfield code="e">penyusun</subfield>
  </datafield>
  <datafield tag="700" ind1=" " ind2=" ">
   <subfield code="a">Victi</subfield>
   <subfield code="e">penyunting</subfield>
  </datafield>
  <datafield tag="850" ind1=" " ind2=" ">
   <subfield code="a">YOPDYOG</subfield>
  </datafield>
  <datafield tag="264" ind1="3" ind2="1">
   <subfield code="a">Yogyakarta :</subfield>
   <subfield code="b">Kanisius,</subfield>
   <subfield code="c">2020</subfield>
  </datafield>
  <datafield tag="336" ind1=" " ind2=" ">
   <subfield code="2">rdacontent</subfield>
   <subfield code="a">teks</subfield>
  </datafield>
  <datafield tag="337" ind1=" " ind2=" ">
   <subfield code="2">rdamedia</subfield>
   <subfield code="a">tanpa perantara</subfield>
  </datafield>
  <datafield tag="338" ind1=" " ind2=" ">
   <subfield code="2">rdacarrier</subfield>
   <subfield code="a">volume</subfield>
  </datafield>
  <datafield tag="999" ind1=" " ind2=" ">
   <subfield code="a">CB-D.11/2020-0213</subfield>
  </datafield>
  <datafield tag="990" ind1=" " ind2=" ">
   <subfield code="a">CB-D.11/2020-0213</subfield>
  </datafield>
 </record>
</collection>
